Sacred Games/ (Record no. 164446)

MARC details
000 -LEADER
fixed length control field 00617nam a22001937a 4500
005 - DATE AND TIME OF LATEST TRANSACTION
control field 20190520153125.0
010 ## - LCCN (DPL NO)
LC control number B-215643
020 ## - INTERNATIONAL STANDARD BOOK NUMBER
International Standard Book Number 9780670999224
035 ## - SYSTEM CONTROL NUMBER
System control number B-215643
037 ## - SOURCE OF ACQUISITION
Source of stock number/acquisition DBAD/PUB
082 ## - DEWEY DECIMAL CLASSIFICATION NUMBER
Classification number N
100 ## - MAIN ENTRY--PERSONAL NAME
Personal name Chandra,Vikram
245 ## - TITLE STATEMENT
Title Sacred Games/
Statement of responsibility, etc by Vikram Chandra
260 ## - PUBLICATION, DISTRIBUTION, ETC. (IMPRINT)
Place of publication, distribution, etc New Delhi
Name of publisher, distributor, etc Penguin Booka India Pvt. Ltd.
Date of publication, distribution, etc 2006
270 ## - ADDRESS
Address 11, Community Centre, Panchsheel Park
City New Delhi
Postal code 110017
300 ## - PHYSICAL DESCRIPTION
Extent xii,900p.
Dimensions 22cm.(hbk)
942 ## - ADDED ENTRY ELEMENTS (KOHA)
Source of classification or shelving scheme Dewey Decimal Classification
Item type English Books
Classification part N
Call number suffix VIK

No items available.


© Delhi Public Library
Hit Counter
free hit counter